[Event "Michigan op-ch"]
[Site "Lansing"]
[Date "2010.09.06"]
[Round "7"]
[White "Chen, Peter"]
[Black "Catlin, Andrew G"]
[Result "1-0"]
[WhiteElo "1872"]
[BlackElo "1994"]
[PlyCount "77"]
[EventDate "2010.09.03"]
[EventType "swiss"]
[EventRounds "7"]
[EventCountry "USA"]
[SourceTitle "EXT 2015"]
[Source "ChessBase"]
[SourceDate "2014.11.20"]
[SourceVersion "1"]
[SourceVersionDate "2014.11.20"]
[SourceQuality "1"]

1. e4 e6 2. d4 d5 3. Nd2 Be7 4. Qg4 Bf8 5. e5 Nh6 6. Qf4 Nf5 7. Ngf3 Be7 8. Nb3 b6 9. Bd3 c5 10. dxc5 bxc5 11. Bxf5 exf5 12. Be3 Qc7 13. e6 Qxf4 14. exf7+ Kxf7 15. Bxf4 Rd8 16. Bxb8 Rxb8 17. Ne5+ Kf6 18. Nc6 Ba6 19. Nxd8 Rxd8 20. 0-0-0 Bd6 21. Kb1 d4 22. Rhe1 Bb7 23. f3 Bd5 24. c3 Bxb3 25. axb3 Bxh2 26. Rh1 Bf4 27. b4 d3 28. bxc5 Be3 29. b4 a5 30. Ka2 axb4 31. cxb4 d2 32. Kb3 Ke5 33. Rxh7 Kd4 34. Rxg7 Kd3 35. Rh7 Ke2 36. Rhh1 Bf2 37. Kc2 Be1 38. Rh6 Kf2 39. Rd6 1-0

[Event "Michigan op-ch"]
[Site "Lansing"]
[Date "2010.09.04"]
[Round "2"]
[White "Catlin, Andrew G"]
[Black "Shetty, Atulya"]
[Result "0-1"]
[WhiteElo "1994"]
[BlackElo "2197"]
[PlyCount "72"]
[EventDate "2010.09.03"]
[EventType "swiss"]
[EventRounds "7"]
[EventCountry "USA"]
[SourceTitle "EXT 2015"]
[Source "ChessBase"]
[SourceDate "2014.11.20"]
[SourceVersion "1"]
[SourceVersionDate "2014.11.20"]
[SourceQuality "1"]

1. e4 c5 2. Nf3 d6 3. d4 cxd4 4. Nxd4 Nf6 5. Nc3 Nc6 6. g3 g6 7. Nde2 Bg7 8. Bg2 0-0 9. 0-0 Bd7 10. h3 Rb8 11. Be3 a6 12. Qd2 b5 13. Nd5 Nxd5 14. exd5 Ne5 15. Nd4 Nc4 16. Qc1 Rc8 17. c3 a5 18. b3 Nxe3 19. Qxe3 Rc5 20. Rac1 Qc7 21. Rfe1 Rc8 22. Nc6 Bxc6 23. dxc6 e6 24. b4 Rc4 25. Bf1 Rxc6 26. Bxb5 Rxc3 27. Rxc3 Bxc3 28. Rc1 axb4 29. Ba4 d5 30. h4 Rd8 31. h5 d4 32. Qe4 Rd5 33. h6 Qe5 34. Qf3 Qf5 35. Bd1 Qxf3 36. Bxf3 Ra5 0-1

[Event "Michigan op-ch"]
[Site "Lansing"]
[Date "2010.09.04"]
[Round "3"]
[White "Webster, Kyle D"]
[Black "Catlin, Andrew G"]
[Result "0-1"]
[WhiteElo "1770"]
[BlackElo "1994"]
[PlyCount "106"]
[EventDate "2010.09.03"]
[EventType "swiss"]
[EventRounds "7"]
[EventCountry "USA"]
[SourceTitle "EXT 2015"]
[Source "ChessBase"]
[SourceDate "2014.11.20"]
[SourceVersion "1"]
[SourceVersionDate "2014.11.20"]
[SourceQuality "1"]

1. e4 e6 2. d4 d5 3. e5 b6 4. f4 Ba6 5. Bxa6 Nxa6 6. c4 Nb4 7. a3 Nc6 8. Nf3 dxc4 9. Qa4 Qd7 10. Qxc4 Nge7 11. g4 Rd8 12. Be3 Na5 13. Qc2 Qd5 14. Kf2 Qb3 15. Qxb3 Nxb3 16. Ra2 Nc6 17. Rd1 Nca5 18. Nbd2 Be7 19. Nxb3 Nxb3 20. Rd3 Nc5 21. Rd1 Rd7 22. Nd2 Nb7 23. b4 0-0 24. Nb3 c5 25. bxc5 Nxc5 26. Nxc5 Bxc5 27. Rdd2 Be7 28. f5 Rc8 29. Rd3 Rc4 30. Ke2 Kf8 31. Rdd2 Rdc7 32. h3 Rc1 33. Rd1 Rxd1 34. Kxd1 Rc3 35. Rc2 Rxc2 36. Kxc2 Bxa3 37. Kd3 Be7 38. Kc4 a6 39. d5 b5+ 40. Kd4 exd5 41. Kxd5 b4 42. Kc4 Ke8 43. Bd2 Kd7 44. h4 a5 45. g5 g6 46. f6 Bd8 47. Kd5 Bb6 48. Ke4 Ke6 49. Be1 Bc5 50. Bd2 Bf2 51. Kf3 Bd4 52. Ke4 Bc3 53. Bc1 a4 0-1

[Event "Michigan op-ch"]
[Site "Lansing"]
[Date "2010.09.03"]
[Round "1"]
[White "Kodali, Vijay"]
[Black "Catlin, Andrew G"]
[Result "0-1"]
[WhiteElo "1620"]
[BlackElo "1994"]
[PlyCount "69"]
[EventDate "2010.09.03"]
[EventType "swiss"]
[EventRounds "7"]
[EventCountry "USA"]
[SourceTitle "EXT 2015"]
[Source "ChessBase"]
[SourceDate "2014.11.20"]
[SourceVersion "1"]
[SourceVersionDate "2014.11.20"]
[SourceQuality "1"]

1. Nf3 c5 2. e4 g6 3. d4 cxd4 4. Nxd4 Nc6 5. c4 Bg7 6. Be3 Nf6 7. Nc3 0-0 8. Be2 d6 9. 0-0 Bd7 10. Qd2 Nxd4 11. Bxd4 Bc6 12. Rad1 e5 13. Be3 Nxe4 14. Nxe4 Bxe4 15. Qxd6 Qa5 16. Qc5 Qxa2 17. Qb4 a5 18. Qc3 a4 19. Ra1 Qb3 20. Qxb3 axb3 21. Rad1 Rfd8 22. Bc5 Bc2 23. Rxd8+ Rxd8 24. Be3 e4 25. Bc1 f5 26. Re1 Kf7 27. Kf1 Bf6 28. c5 Rc8 29. Bd1 Rxc5 30. Ke2 Bd3+ 31. Ke3 Bc2 32. Ke2 Ke6 33. f3 Kd5 34. fxe4+ fxe4 35. Rf1 0-1

[Event "Michigan op-ch"]
[Site "Lansing"]
[Date "2009.09.06"]
[Round "4"]
[White "Catlin, Andrew G"]
[Black "Wang, Leyun"]
[Result "1-0"]
[WhiteElo "1904"]
[BlackElo "2125"]
[PlyCount "71"]
[EventDate "2009.09.04"]
[EventType "swiss"]
[EventRounds "7"]
[EventCountry "USA"]
[SourceTitle "EXT 2015"]
[Source "ChessBase"]
[SourceDate "2014.11.20"]
[SourceVersion "1"]
[SourceVersionDate "2014.11.20"]
[SourceQuality "1"]

1. e4 c5 2. Nc3 Nc6 3. Bb5 g6 4. Bxc6 bxc6 5. d4 cxd4 6. Qxd4 f6 7. Be3 Bg7 8. Qd2 d6 9. Rd1 h5 10. Nge2 Nh6 11. Nf4 Kf7 12. Qd3 Qc7 13. 0-0 Be6 14. Nxe6 Kxe6 15. Qc4+ Kd7 16. h3 Rhf8 17. f4 Nf7 18. e5 fxe5 19. f5 gxf5 20. Rxf5 Nh6 21. Rxh5 Nf5 22. Qg4 e6 23. Rxf5 Rxf5 24. Qxg7+ Kc8 25. Qg8+ Kb7 26. Qxe6 Raf8 27. Rxd6 Rf1+ 28. Kh2 R1f6 29. Qb3+ Kc8 30. Rxf6 Rxf6 31. Ne4 Rf1 32. Qa4 Rf7 33. Bc5 Rf4 34. Qa6+ Kd8 35. Bxa7 Rxe4 36. Bb6 1-0

[Event "Michigan op-ch"]
[Site "Lansing"]
[Date "2009.09.06"]
[Round "5"]
[White "Rhee, William W"]
[Black "Catlin, Andrew G"]
[Result "0-1"]
[WhiteElo "2008"]
[BlackElo "1904"]
[PlyCount "100"]
[EventDate "2009.09.04"]
[EventType "swiss"]
[EventRounds "7"]
[EventCountry "USA"]
[SourceTitle "EXT 2015"]
[Source "ChessBase"]
[SourceDate "2014.11.20"]
[SourceVersion "1"]
[SourceVersionDate "2014.11.20"]
[SourceQuality "1"]

1. e4 c5 2. c3 g6 3. d4 cxd4 4. cxd4 d5 5. e5 Nc6 6. Nc3 Bg7 7. Nf3 Bg4 8. Be3 Nh6 9. Be2 e6 10. 0-0 Nf5 11. Qd2 0-0 12. h3 Bxf3 13. Bxf3 f6 14. exf6 Bxf6 15. Ne2 Qa5 16. Rfd1 Kf7 17. Bg4 Qxd2 18. Rxd2 Nxe3 19. fxe3 h5 20. Bf3 Bg5 21. Kf2 Rac8 22. Rc1 Nb4 23. Rxc8 Rxc8 24. Nc3 Ke7 25. a3 Nc6 26. Rd1 Na5 27. Re1 Nc4 28. Nd1 a6 29. Re2 Kd7 30. g4 h4 31. e4 Nd2 32. Kg2 dxe4 33. Bxe4 Nxe4 34. Rxe4 Rc2+ 35. Kf3 Rd2 36. Ne3 Bxe3 37. Rxe3 Rxb2 38. Kf4 Rb5 39. g5 Rf5+ 40. Kg4 Kd6 41. Kxh4 Rf4+ 42. Kg3 Rxd4 43. h4 e5 44. Rf3 Ke7 45. Rc3 Ke6 46. Rf3 Rf4 47. Rxf4 exf4+ 48. Kxf4 b5 49. Ke4 a5 50. Kd4 b4 0-1

[Event "Michigan op-ch"]
[Site "Lansing"]
[Date "2009.09.05"]
[Round "2"]
[White "Schwiebert, Loren"]
[Black "Catlin, Andrew G"]
[Result "0-1"]
[WhiteElo "1644"]
[BlackElo "1904"]
[PlyCount "64"]
[EventDate "2009.09.04"]
[EventType "swiss"]
[EventRounds "7"]
[EventCountry "USA"]
[SourceTitle "EXT 2015"]
[Source "ChessBase"]
[SourceDate "2014.11.20"]
[SourceVersion "1"]
[SourceVersionDate "2014.11.20"]
[SourceQuality "1"]

1. e4 c5 2. Nf3 g6 3. d4 Bg7 4. c3 cxd4 5. Nxd4 Nc6 6. Be3 Nf6 7. Nd2 0-0 8. Bd3 d5 9. h3 Ne5 10. Bc2 dxe4 11. Nxe4 Nxe4 12. Bxe4 f5 13. Bc2 Kh8 14. Bb3 f4 15. Bc1 f3 16. Nxf3 Nxf3+ 17. gxf3 Qa5 18. Bd2 Bd7 19. h4 Bc6 20. Rh3 Qf5 21. Rg3 Bxf3 22. Qc1 Rad8 23. Be3 Qe4 24. Rh3 Qg4 25. Rg3 Qxh4 26. Rg1 Qh2 27. Kf1 Rf5 28. Rg3 Qh1+ 29. Rg1 Qh3+ 30. Ke1 Qh2 31. Kf1 Rh5 32. Bc4 Qxg1+ 0-1

[Event "Michigan op-ch"]
[Site "Lansing"]
[Date "2009.09.04"]
[Round "1"]
[White "Catlin, Andrew G"]
[Black "Shetty, Atulya"]
[Result "0-1"]
[WhiteElo "1904"]
[BlackElo "1904"]
[PlyCount "104"]
[EventDate "2009.09.04"]
[EventType "swiss"]
[EventRounds "7"]
[EventCountry "USA"]
[SourceTitle "EXT 2015"]
[Source "ChessBase"]
[SourceDate "2014.11.20"]
[SourceVersion "1"]
[SourceVersionDate "2014.11.20"]
[SourceQuality "1"]

1. f4 Nf6 2. Nf3 g6 3. g3 Bg7 4. Bg2 0-0 5. 0-0 d5 6. d3 c5 7. Nc3 d4 8. Ne4 Nxe4 9. dxe4 Nc6 10. e3 dxe3 11. c3 e5 12. Bxe3 b6 13. Qa4 Qc7 14. Rad1 Bg4 15. h3 Bxf3 16. Bxf3 Rad8 17. f5 gxf5 18. exf5 Ne7 19. Qg4 Kh8 20. Qh5 f6 21. Be4 Nc8 22. g4 b5 23. Qh4 Nb6 24. Qf2 c4 25. Kh1 Rxd1 26. Rxd1 Rd8 27. Rxd8+ Qxd8 28. Qd2 Qxd2 29. Bxd2 a5 30. Bc6 Na4 31. Bxb5 Nxb2 32. Kg2 h5 33. Kf3 Kh7 34. gxh5 Bh6 35. Ke2 a4 36. h4 Bxd2 37. Kxd2 a3 38. Bc6 Kh6 39. Bf3 Na4 40. Be2 Nc5 41. Kc2 Ne4 42. Bxc4 Kxh5 43. Be6 Nc5 44. Kd2 Kxh4 45. Ke3 Kg3 46. Bd5 Kg4 47. Be6 Kg5 48. Bc8 Na4 49. Be6 Nxc3 50. Kd3 Nb5 51. Kc4 Nd6+ 52. Kb3 e4 0-1

[Event "Michigan Amateur op"]
[Site "Kalamazoo"]
[Date "2004.10.24"]
[Round "5"]
[White "Catlin, Andrew G"]
[Black "Gore, Ron"]
[Result "0-1"]
[WhiteElo "1859"]
[BlackElo "1598"]
[PlyCount "72"]
[EventDate "2004.10.23"]
[EventType "swiss"]
[EventRounds "5"]
[EventCountry "USA"]
[SourceTitle "EXT 2007"]
[Source "ChessBase"]
[SourceDate "2006.11.23"]
[SourceVersion "1"]
[SourceVersionDate "2006.11.23"]
[SourceQuality "1"]

1. e4 e6 2. d4 d5 3. Nd2 dxe4 4. Nxe4 Be7 5. Nf3 Nf6 6. Bd3 0-0 7. 0-0 Nbd7 8. Bf4 c5 9. c3 cxd4 10. cxd4 Nb6 11. Re1 Nbd5 12. Be3 b6 13. Rc1 Bb7 14. Ne5 Nxe3 15. Rxe3 Bxe4 16. Bxe4 Nxe4 17. Rxe4 Qd5 18. Qd3 Rac8 19. Rd1 Rc7 20. a3 Rfc8 21. Nxf7 Kxf7 22. Re5 Qc6 23. Qxh7 Bf6 24. d5 exd5 25. Qh5+ Kg8 26. Rexd5 Qe8 27. Qg4 Rc1 28. h4 Rxd1+ 29. Rxd1 Rd8 30. Rc1 Bxb2 31. Rc2 Qe1+ 32. Kh2 Be5+ 33. f4 Bf6 34. Kh3 Qh1+ 35. Kg3 Rd3+ 36. Kf2 Qxh4+ 0-1